[Event "October - 1800 or over"]
[Site "SchemingMind.com"]
[Date "2016.11.10"]
[Round "-"]
[White "Robert Bruce"]
[Black "Derek.Colwyn"]
[Result "1/2-1/2"]
[WhiteCountry "SCO"]
[BlackCountry "USA"]
[WhiteElo "2334"]
[WhiteRD "65"]
[BlackElo "2068"]
[BlackRD "144"]
[GameID "406061"]

1. d4 Nf6 2. Nf3 e6 3. Bg5 h6 4. Bh4 b6 5. Nbd2 Bb7 6. c3 d6 7. Qc2 g5 8. Bg3 g4 9. Ng1 Nh5 10. e4 Nd7
11. O-O-O Qg5 12. Bd3 Nxg3 13. hxg3 O-O-O 14. Ne2 Kb8 15. Kb1 h5 16. f4 gxf3 17. gxf3 Be7 18. Rh2 c5 19. Rh3 cxd4 20. cxd4 h4
21. Qb3 Rc8 22. gxh4 Rxh4 23. Rxh4 Qxh4 24. Qa4 Nf6 25. Ba6 d5 26. Nc3 Bc6 27. Bb5 Bb7 28. Ba6 Bc6 29. Bb5 Bb7 30. Ba6 Bc6
31. Bb5=
1/2-1/2

[Event "October - 1800 or over"]
[Site "SchemingMind.com"]
[Date "2016.11.10"]
[Round "-"]
[White "Derek.Colwyn"]
[Black "William Lindberg"]
[Result "1/2-1/2"]
[WhiteCountry "USA"]
[BlackCountry "USA"]
[WhiteElo "2200"]
[WhiteRD "125"]
[BlackElo "2408"]
[BlackRD "71"]
[GameID "406062"]

1. d4 d5 2. c4 e6 3. Nf3 Nf6 4. Nc3 c5 5. cxd5 Nxd5 6. e4 Nxc3 7. bxc3 cxd4 8. cxd4 Bb4+ 9. Bd2 Bxd2+ 10. Qxd2 O-O
11. Bc4 Nd7 12. O-O b6 13. Rfe1 Bb7 14. a4 Rc8 15. Bb5 h6 16. a5 Nf6 17. Bd3 b5 18. a6 Bc6 19. Qb2 Nd7 20. Ra3 Qb6
21. h3 Rfd8 22. Rb3 Qxa6 23. Bxb5 Bxb5 24. Rxb5 Rb8 25. Rxb8 Rxb8 26. Qd2 Qb5 27. d5 exd5 28. exd5 a5 29. d6 a4 30. Qd4 Nb6
31. Re5 Qb1+ 32. Kh2 a3 33. Ra5 a2 34. Ne5 Kh7 35. d7 Rd8 36. Rxa2 Qxa2 37. Qxb6 Qd5 38. Qxd8 Qxe5+ 39. g3 Qd4 40. Qa8 Qxd7
41. Qe4+ g6 42. Qe5 Qc6 43. Qb8 Kg7 44. Qe5+ Qf6 45. Qe3 Qd6 46. Kg2 Qd5+ 47. Qf3= Qe5 48. h4 Qc5 49. Qe4 h5 50. Kf3 Qc3+
51. Kf4 Kf6 52. Qe3 Qc7+ 53. Ke4 Qc2+ 54. Kf3 Qf5+ 55. Qf4 Ke6 56. Ke3 Qc5+ 57. Kf3 Qf5 58. Ke3 Qe5+ 59. Qe4 f5 60. Qxe5+ Kxe5
61. Kf3 Ke6=
1/2-1/2

[Event "October - 1800 or over"]
[Site "SchemingMind.com"]
[Date "2016.11.09"]
[Round "-"]
[White "William Lindberg"]
[Black "Derek.Colwyn"]
[Result "0-1"]
[WhiteCountry "USA"]
[BlackCountry "USA"]
[WhiteElo "2385"]
[WhiteRD "72"]
[BlackElo "2362"]
[BlackRD "103"]
[GameID "406063"]

1. c4 Nf6 2. d4 e6 3. Nf3 b6 4. g3 Ba6 5. b3 Bb7 6. Bg2 Bb4+ 7. Bd2 a5 8. a3 Be7 9. O-O O-O 10. Qc2 d5
11. cxd5 exd5 12. Nc3 Nbd7 13. Bf4 c6 14. Rfd1 Re8 15. Ne5 Nf8 16. Na4 Bd6 17. Nxc6 Bxc6 18. Qxc6 Bxf4 19. gxf4 Re6 20. Qc2 Rc8
21. Qb2 Qe8 22. e3 Rec6 23. Rac1 Ne4 24. f5 h6 25. Re1 Qd7 26. Rxc6 Rxc6 27. f3 Nf6 28. Rc1 Rxc1+ 29. Qxc1 Qxf5 30. Nxb6 Qd3
31. Nc8 Ng6 32. Bf1 Qxb3 33. Nd6 Ne7 34. Bb5 Nh7 35. h4 Nf8 36. h5 Ne6 37. f4 g6 38. hxg6 Nxd4 39. gxf7+ Kf8 40. exd4 Qg3+
41. Kf1 Qh3+ 42. Ke1 Qe6+ 43. Be2 Qxd6 44. Qe3 Kxf7 45. Bg4 Nc6 46. Bh5+ Kg7 47. Kf1 Qf6 48. Qg3+ Kf8 49. Qe3 Nxd4 50. Qe8+ Kg7
51. Qd7+ Kf8 52. Qe8+ Kg7 53. Qd7+ Kf8 54. Qc8+ Ke7 55. Qc5+ Ke6 56. Bg4+ Kf7 57. Qxd5+ Kg7 58. Qd7+ Kf8 59. Qd5 Qxf4+ 60. Ke1 Qxg4
61. Qa8+ Kf7 62. Kf2 Qe2+ 63. Kg3 Nf5+ 64. Kh3 Qf1+ 65. Kh2 Qf2+ 66. Qg2 Qxg2+ 67. Kxg2 a4 68. Kh3 Nd6 69. Kg2 Nb5 70. Kf3 Nxa3
71. Ke2 Nb5 72. Kd2 a3 73. Kc2 h5 74. Kb3 h4 75. Kc2 h3 76. Kb3 h2 77. Ka4 a2 78. Kxb5 a1=Q 79. Kc5 h1=Q
0-1

[Event "October - 1800 or over"]
[Site "SchemingMind.com"]
[Date "2016.11.10"]
[Round "-"]
[White "Derek.Colwyn"]
[Black "Stephen Woodhouse"]
[Result "1-0"]
[WhiteCountry "USA"]
[BlackCountry "ENG"]
[WhiteElo "1940"]
[WhiteRD "187"]
[BlackElo "1883"]
[BlackRD "55"]
[GameID "406075"]

1. d4 e6 2. c4 f5 3. g3 Nf6 4. Bg2 Be7 5. Nf3 O-O 6. O-O Ne4 7. Nbd2 Bf6 8. Qc2 d5 9. b3 c5 10. Bb2 cxd4
11. Nxd4 dxc4 12. Nxe4 Bxd4 13. Rad1 fxe4 14. Rxd4 cxb3 15. axb3 Qb6 16. Bxe4 Nc6 17. Bxh7+ Kf7 18. Qg6+ Ke7 19. Ba3+
1-0

[Event "October - 1800 or over"]
[Site "SchemingMind.com"]
[Date "2016.11.09"]
[Round "-"]
[White "Stephen Woodhouse"]
[Black "Derek.Colwyn"]
[Result "0-1"]
[WhiteCountry "ENG"]
[BlackCountry "USA"]
[WhiteElo "1890"]
[WhiteRD "50"]
[BlackElo "2068"]
[BlackRD "144"]
[GameID "406076"]

1. e4 e6 2. d4 d5 3. Nd2 Nf6 4. e5 Nfd7 5. Bd3 c5 6. c3 Nc6 7. Ne2 cxd4 8. cxd4 f6 9. exf6 Nxf6 10. O-O Bd6
11. Nf3 Qc7 12. Bg5 O-O 13. Rc1 Bd7 14. Bh4 Nh5 15. Bg3 Nxg3 16. hxg3 Rf6 17. Bb1 Qb6 18. Qc2 Rh6 19. a3 Rf8 20. g4 Rxf3
21. gxf3 Nxd4 22. Nxd4 Qxd4 23. Qc3 Qf4 24. Rfd1 Rh1+
0-1

[Event "October - 1800 or over"]
[Site "SchemingMind.com"]
[Date "2016.11.06"]
[Round "-"]
[White "Brennan Price"]
[Black "Stephen Woodhouse"]
[Result "1-0"]
[WhiteCountry "USA"]
[BlackCountry "ENG"]
[WhiteElo "2269"]
[WhiteRD "139"]
[BlackElo "1924"]
[BlackRD "53"]
[GameID "406077"]

1. e4 e6 2. d4 d5 3. Nd2 c5 4. Ngf3 cxd4 5. exd5 Qxd5 6. Bc4 Qd6 7. O-O Nf6 8. Nb3 Nc6 9. Nbxd4 Nxd4 10. Qxd4 Qxd4
11. Nxd4 a6 12. Be2 Bc5 13. Nb3 Ba7 14. Bf3 O-O 15. Bd2 e5 16. Rae1 Re8 17. Bc3 Nd7 18. Re2 Rb8 19. Rfe1 f6 20. Bb4 b5
21. Bd5+ Kh8 22. Rd2 Nb6 23. Bf7 Nc4 24. Bxe8
1-0

[Event "October - 1800 or over"]
[Site "SchemingMind.com"]
[Date "2016.11.06"]
[Round "-"]
[White "Stephen Woodhouse"]
[Black "Brennan Price"]
[Result "0-1"]
[WhiteCountry "ENG"]
[BlackCountry "USA"]
[WhiteElo "1924"]
[WhiteRD "53"]
[BlackElo "2269"]
[BlackRD "139"]
[GameID "406078"]

1. e4 c6 2. d4 d5 3. e5 Bf5 4. Nc3 e6 5. g4 Bg6 6. Nge2 c5 7. h4 h6 8. Be3 Qb6 9. f4 Nc6 10. f5 exf5
11. gxf5 Bxf5 12. Nxd5 Qa5+ 13. Qd2 Qxd2+ 14. Kxd2 O-O-O 15. Bg2 Be6 16. c4 cxd4 17. Nxd4 Nxe5 18. Rac1 Nf6 19. Rhd1 Bc5 20. b4 Bxd4
21. Bxd4 Nc6 22. Bxf6 gxf6 23. Ke3 Rhg8 24. Bf3 Rg3 25. Nxf6 Ne5 26. Rxd8+ Kxd8 27. Rf1 Bxc4 28. Rf2 Ke7 29. Ne4 Rxf3+ 30. Rxf3 Nxf3
31. Kxf3 Bd5
0-1

[Event "October - 1800 or over"]
[Site "SchemingMind.com"]
[Date "2016.11.08"]
[Round "-"]
[White "Adrian Grajczak"]
[Black "Stephen Woodhouse"]
[Result "1-0"]
[WhiteCountry "POL"]
[BlackCountry "ENG"]
[WhiteElo "1932"]
[WhiteRD "98"]
[BlackElo "1890"]
[BlackRD "50"]
[GameID "406079"]

1. e4 e6 2. d3 d5 3. Nd2 Nf6 4. Ngf3 c5 5. g3 Be7 6. Bg2 O-O 7. O-O Nc6 8. e5 Nd7 9. Re1 b5 10. c3 a5
11. Nf1 Bb7 12. h4 Nb6 13. Bf4 b4 14. N1h2 c4 15. d4 h5 16. Ng5 g6 17. g4 hxg4 18. Qxg4 Kg7 19. h5 Bxg5 20. Bxg5 Qe8
21. Bf6+ Kh7 22. hxg6+ fxg6 23. Qh4+
1-0

[Event "October - 1800 or over"]
[Site "SchemingMind.com"]
[Date "2016.11.08"]
[Round "-"]
[White "Stephen Woodhouse"]
[Black "Adrian Grajczak"]
[Result "1-0"]
[WhiteCountry "ENG"]
[BlackCountry "POL"]
[WhiteElo "1925"]
[WhiteRD "55"]
[BlackElo "1894"]
[BlackRD "89"]
[GameID "406080"]

1. e4 e5 2. Nf3 Nc6 3. d4 exd4 4. Nxd4 Bc5 5. Nxc6 bxc6 6. Bd3 d5 7. exd5 cxd5 8. O-O Nf6 9. Re1+ Be6 10. Bg5 h6
11. Bh4 O-O 12. h3 Be7 13. Nc3 Rb8 14. Rb1 c5 15. Qf3 d4 16. Ne4 Bxa2 17. Nxf6+ Bxf6 18. Qf5 g6 19. Qxf6 Qxf6 20. Bxf6 Bxb1
21. Rxb1 Rfe8 22. b3 Rb6 23. Bh4 f5 24. f3 g5 25. Bf2 f4 26. Kf1 Kg7 27. Re1 Rxe1+ 28. Bxe1 Kf6 29. Ke2 h5 30. Bc4 Ke5
31. Ba5 Rb7 32. Ba6 Re7 33. Bd3 Kd6+ 34. Be4 Kd7 35. Kd3 Kd6 36. Kc4 g4 37. hxg4 hxg4 38. b4 Re5 39. b5 gxf3 40. gxf3 Rh5
41. Bd2 Rh4 42. Bc1 Ke5 43. Kxc5
1-0

[Event "October - 1800 or over"]
[Site "SchemingMind.com"]
[Date "2016.11.06"]
[Round "-"]
[White "Stephen Woodhouse"]
[Black "frankly"]
[Result "0-1"]
[WhiteCountry "ENG"]
[BlackCountry "ENG"]
[WhiteElo "1890"]
[WhiteRD "50"]
[BlackElo "2509"]
[BlackRD "60"]
[GameID "406081"]

1. e4 c5 2. c3 Nf6 3. e5 Nd5 4. d4 cxd4 5. Nf3 e6 6. cxd4 d6 7. Bc4 Nb6 8. Bb3 dxe5 9. Nxe5 Nc6 10. Nf3 Be7
11. O-O O-O 12. Nc3 Bd7 13. d5 exd5 14. Nxd5 Nxd5 15. Bxd5 Bf5 16. Bb3 Bf6 17. Bc2 Qxd1 18. Bxd1 Rfe8 19. Re1 Rxe1+ 20. Nxe1 Rd8
21. Bf3 Re8 22. Bd2 Bxb2 23. Rd1 Rd8 24. Be3 Rxd1 25. Bxd1 Bc3 26. Kf1 Be6 27. Bb3 Bxb3 28. axb3 f5 29. Nd3 Kf7 30. Nf4 b5
31. Ke2 a5 32. Kd3 Be5 33. Nd5 Ke6 34. Nc3 Nb4+ 35. Kd2 Bxc3+ 36. Kxc3 Nd5+ 37. Kd4 Nxe3
0-1

[Event "October - 1800 or over"]
[Site "SchemingMind.com"]
[Date "2016.11.06"]
[Round "-"]
[White "frankly"]
[Black "Stephen Woodhouse"]
[Result "1-0"]
[WhiteCountry "ENG"]
[BlackCountry "ENG"]
[WhiteElo "2492"]
[WhiteRD "59"]
[BlackElo "1883"]
[BlackRD "55"]
[GameID "406082"]

1. e4 e6 2. d4 d5 3. Nc3 Nf6 4. Bg5 dxe4 5. Nxe4 Be7 6. Bxf6 Bxf6 7. Nf3 O-O 8. Qd2 Nd7 9. O-O-O b6 10. Bc4 Bb7
11. Rhe1 Bd5 12. Bd3 c5 13. c4 Bb7 14. d5 exd5 15. cxd5 Re8 16. Bb5 Re7 17. Bc6 Rb8 18. d6 Re6 19. Nxf6+ Nxf6 20. Rxe6 fxe6
21. Bxb7 Rxb7 22. Qe2 Qd7 23. Ne5 Qe8 24. Qf3 Rb8 25. d7 Qf8 26. Qh3 Ne4 27. Qxe6+
1-0

[Event "October - 1800 or over"]
[Site "SchemingMind.com"]
[Date "2016.11.10"]
[Round "-"]
[White "Stephen Woodhouse"]
[Black "Robert Bruce"]
[Result "0-1"]
[WhiteCountry "ENG"]
[BlackCountry "SCO"]
[WhiteElo "1890"]
[WhiteRD "50"]
[BlackElo "2334"]
[BlackRD "65"]
[GameID "406083"]

1. e4 c5 2. c3 Nf6 3. e5 Nd5 4. d4 cxd4 5. Nf3 e6 6. cxd4 b6 7. Bd3 Bb7 8. O-O d6 9. Nc3 Nxc3 10. bxc3 Nd7
11. Bf4 Qc7 12. Re1 Rd8 13. Qe2 Be7 14. a4 Bxf3 15. Qxf3 dxe5 16. Bxe5 Nxe5 17. dxe5 O-O 18. Rad1 Rd5 19. Qe4 g6 20. Bb5 Rfd8
21. Rxd5 Rxd5 22. c4 Rd2 23. Re2 Rd1+ 24. Re1 Qb7 25. Qe2 Rxe1+ 26. Qxe1 a6
0-1

[Event "October - 1800 or over"]
[Site "SchemingMind.com"]
[Date "2016.11.10"]
[Round "-"]
[White "Robert Bruce"]
[Black "Stephen Woodhouse"]
[Result "1-0"]
[WhiteCountry "SCO"]
[BlackCountry "ENG"]
[WhiteElo "2334"]
[WhiteRD "65"]
[BlackElo "1890"]
[BlackRD "50"]
[GameID "406084"]

1. Nf3 e6 2. d4 f5 3. h3 Nf6 4. g4 d5 5. Nc3 Bb4 6. Qd3 O-O 7. Bg5 h6 8. Bxf6 Qxf6 9. O-O-O c6 10. Rg1 Nd7
11. g5 hxg5 12. Nxg5 e5 13. Qg3 exd4 14. Qh4 Qh6 15. Qxh6 gxh6 16. Ne6+ Kf7 17. Nxf8 Kxf8 18. Rxd4 Bc5 19. Rf4 Ne5 20. e3 Kf7
21. Bd3 Nxd3+ 22. cxd3 Be6 23. Ne2 Rg8 24. Rxg8 Kxg8 25. Nd4 Bxd4 26. Rxd4 Kf7 27. Kc2 Kf6 28. Kc3 Ke5 29. Rh4
1-0

[Event "October - 1800 or over"]
[Site "SchemingMind.com"]
[Date "2016.11.07"]
[Round "-"]
[White "Stephen Woodhouse"]
[Black "William Lindberg"]
[Result "0-1"]
[WhiteCountry "ENG"]
[BlackCountry "USA"]
[WhiteElo "1890"]
[WhiteRD "50"]
[BlackElo "2373"]
[BlackRD "72"]
[GameID "406085"]

1. e4 e6 2. d4 d5 3. Nd2 c5 4. exd5 exd5 5. Bb5+ Bd7 6. Qe2+ Be7 7. dxc5 Nf6 8. Nb3 O-O 9. Be3 a6 10. Bd3 a5
11. Nf3 a4 12. Nbd4 Bxc5 13. O-O Re8 14. Qd2 Ne4 15. Bxe4 dxe4 16. Ne1 Bxd4 17. Bxd4 Bb5 18. c3 Bxf1 19. Kxf1 Nc6 20. Rd1 Nxd4
21. cxd4 Qd5 22. a3 Ra6 23. Nc2 Qb5+ 24. Kg1 Qxb2 25. d5 Rd8 26. Re1 Rc6 27. Rc1 Rxd5
0-1

[Event "October - 1800 or over"]
[Site "SchemingMind.com"]
[Date "2016.11.07"]
[Round "-"]
[White "William Lindberg"]
[Black "Stephen Woodhouse"]
[Result "1-0"]
[WhiteCountry "USA"]
[BlackCountry "ENG"]
[WhiteElo "2410"]
[WhiteRD "76"]
[BlackElo "1883"]
[BlackRD "55"]
[GameID "406086"]

1. c4 e6 2. d4 f5 3. g3 Nf6 4. Bg2 Be7 5. Nf3 O-O 6. O-O Ne4 7. Qc2 Bf6 8. Nc3 Nxc3 9. bxc3 c5 10. Rd1 Qe7
11. Rb1 Nc6 12. Ba3 b6 13. dxc5 bxc5 14. Nd4 Nxd4 15. cxd4
1-0